000
00325nam a2200133Ia 4500
008
191201s2002 xx 000 0 und d
082
_a
658
_b
MOB
100
_a
MOSHAL, B S
245
0
_a
Business Organisation and Management
260
_a
N.Delhi
_b
Galgotia Pub. Pvt
_c
2002
300
_a
474
650
_a
MBA
942
_2
ddc
_c
BK
999
_c
3107
_d
3107